The cost of compliance with product standards for firms in developing countries (Record no. 62564)

MARC details
000 -LEADER
fixed length control field 01239nam a2200277 a 4500
008 - FIXED-LENGTH DATA ELEMENTS--GENERAL INFORMATION
fixed length control field 060623s2005 ||||||||||||||||| || u
050 ## - LIBRARY OF CONGRESS CALL NUMBER
Classification number IBRD(08)PRWP/3590
100 ## - MAIN ENTRY--PERSONAL NAME
Personal name Otsuki, Tsunehiro
245 14 - TITLE STATEMENT
Title The cost of compliance with product standards for firms in developing countries
Statement of responsibility, etc. by Keith E. Maskus; Tsunehiro Otsuki; John S. Wilson
246 ## -
-- an econometric study
260 ## - PUBLICATION, DISTRIBUTION, ETC.
Place of publication, distribution, etc. Washington D.C:
Name of publisher, distributor, etc. World Bank
Date of publication, distribution, etc. 2005
300 ## - PHYSICAL DESCRIPTION
Extent 35p.: ill.
350 ## -
-- 0.00
490 ## -
-- World Bank policy research working papers
490 ## -
-- Policy Research Working Paper
650 #0 - SUBJECT ADDED ENTRY--TOPICAL TERM
Topical term or geographic name entry element ECONOMICS
650 #0 - SUBJECT ADDED ENTRY--TOPICAL TERM
Topical term or geographic name entry element AFRICA--ECONOMIC CONDITIONS
650 ## - SUBJECT ADDED ENTRY--TOPICAL TERM
Topical term or geographic name entry element ECONOMETRIC STUDY
650 ## - SUBJECT ADDED ENTRY--TOPICAL TERM
Topical term or geographic name entry element ECONOMIC ASPECTS--RESEARC PAPER--DEVELOPING COUNTRIES
650 ## - SUBJECT ADDED ENTRY--TOPICAL TERM
Topical term or geographic name entry element ECONOMIC ASPECTS--DEVELOPING COUNTRIES
700 ## - ADDED ENTRY--PERSONAL NAME
Personal name Maskus, Keith E
700 ## - ADDED ENTRY--PERSONAL NAME
Personal name Wilson, John S
710 ## - ADDED ENTRY--CORPORATE NAME
Corporate name or jurisdiction name as entry element World Bank
995 ## -
-- SPECIAL COLLECTIONS
-- 0.00
-- IBRD(08)PRWP/3590
-- CBU-MAIN LIBRARY (Kitwe)
-- 1
-- 0.00
-- IBRD(08)PRWP/3590
-- 1
-- AVAILABLE
-- Jun 23, 2006
-- Z03000561
-- International Publications
995 ## -
-- SPECIAL COLLECTIONS
-- 0.00
-- 03006444
-- CBU-MAIN LIBRARY (Kitwe)
-- 1
-- 0.00
-- IBRD(08)PRWP/3590
-- 1
-- AVAILABLE
-- Jun 14, 2010
-- Z03006444
-- International Publications
999 ## -
-- 62564
-- 62564
Holdings
Withdrawn status Lost status Source of classification or shelving scheme Damaged status Not for loan Permanent Location Current Location Shelving location Date acquired Total Checkouts Full call number Barcode Date last seen Price effective from Koha item type
          CBU-MAIN LIBRARY, KITWE. CBU-MAIN LIBRARY, KITWE.   12/13/2022   IBRD(08)PRWP/3590 Z03000561 12/13/2022 12/13/2022 MONOGRAPH
          CBU-MAIN LIBRARY, KITWE. CBU-MAIN LIBRARY, KITWE.   12/13/2022   IBRD(08)PRWP/3590 Z03006444 12/13/2022 12/13/2022 MONOGRAPH